|
|
|
|
| LEADER |
00826nam a22002171a 4500 |
| 001 |
000693672 |
| 003 |
CZ BrMZK |
| 005 |
20031022094308.0 |
| 007 |
ta |
| 008 |
031022s1832 xr f ger d |
| 040 |
|
|
|a BOA001
|b cze
|c BOA001
|
| 100 |
1 |
|
|a Veleba, Václav František,
|d 1776-1856
|7 jk01141952
|4 aut
|
| 245 |
1 |
4 |
|a Der Führer und Erklärer der Merkwürdigkeiten der Metropolitan- oder Domkirche zu Let. Veit in Prag /
|c Verfasst von W.F. Welleba
|
| 260 |
|
|
|a Prag :
|b P. Bohmanns Erben,
|c [1832]
|
| 300 |
|
|
|a 67 s. ;
|c 8°
|
| 910 |
|
|
|a BOA001
|b 1-0057.975
|
| 964 |
|
|
|a Bohemika - stol. 19.
|
| 990 |
|
|
|a BK
|
| 993 |
|
|
|a Y
|
| 996 |
6 |
|
|b 2619463037
|c 1-0057.975
|l MZK
|r Sklad / do 1 hodiny
|n 0
|w 000693672
|u 000020
|a 1
|e BOA001
|j MZK50
|s P
|
| 996 |
6 |
|
|b 2619463038
|c 1-0057.975
|l MZK
|r Sklad / do 1 hodiny
|n 0
|w 000693672
|u 000010
|a 1
|e BOA001
|j MZK50
|s P
|